000 00903nam a2200241Ia 4500
003 OSt
005 20251127154645.0
008 210719s2008 xx 000 0 und d
040 _cAL
041 _akan
082 _aK894.8 PUSM
100 _aPUSTAKA LOKADA ANANYARU:
_dಪುಸ್ತಕ ಲೋಕದ ಅನನ್ಯರು
_9177045
245 _aMinchina balli granthamale
_bಮಿಂಚಿನ ಬಳ್ಳಿ ಗ್ರಂಥ ಮಾಲೆ
260 _aBengaluru
_bAbhinava Prakashana
_c2008
300 _a40
_bPB
365 _cRs
440 _aChi Shreenivasaraju Nenapina Pustaka-5
_9177046
650 _aKannada Miscellaneous
_9177047
650 _aKannada Miscellaneous
_9177047
700 _aShreedhara Hegde Bhadran
_dಶ್ರೀಧರ ಹೆಗಡೆ ಭದ್ರನ್
_9177048
906 _aballi ; Bhadran ; by ; Ed ; granthamale ; Hegde ; Minchina ; Shridhara
942 _2ddc
_cBK
999 _c214982
_d214982